000 00585naa a2200205 4500
001 123414
003 ES-MaBCM
005 20250717062552.0
008 060216s2005 fra|r0p 0 ||fre d
021 _axx
035 _a(OCoLC)1365233728
040 _cES-MaBCM
100 1 _aBrunelle, Francis
_969284
245 0 0 _aLe plan Santé mentale
_cFrancis Brunelle
650 1 7 _aPolítica social
_959845
650 1 7 _aEnfermedad mental
_958553
651 1 4 _aFrancia
_9115364
773 0 _aEn:
_tRegards sur l'actualité
_dParis
_w104654
_gNº 314 (oct. 2005), p. 69-79
942 _cAREV
999 _c123414
_d123414